<?xml version="1.0" encoding="UTF-8"?>
<record
    xmlns:xsi="http://www.w3.org/2001/XMLSchema-instance"
    xsi:schemaLocation="http://www.loc.gov/MARC21/slim http://www.loc.gov/standards/marcxml/schema/MARC21slim.xsd"
    xmlns="http://www.loc.gov/MARC21/slim">

  <leader>01152nam2a2200265   4500</leader>
  <controlfield tag="001">rc\2943871</controlfield>
  <controlfield tag="005">20260315071044.0</controlfield>
  <datafield tag="035" ind1=" " ind2=" ">
    <subfield code="a">(NLR Aleph) 007206004</subfield>
  </datafield>
  <datafield tag="090" ind1=" " ind2=" ">
    <subfield code="a">13629388</subfield>
    <subfield code="c">13629388</subfield>
  </datafield>
  <datafield tag="100" ind1=" " ind2=" ">
    <subfield code="a">20110826d1939    u  y0rusy50      ca</subfield>
  </datafield>
  <datafield tag="101" ind1="0" ind2=" ">
    <subfield code="a">rus</subfield>
  </datafield>
  <datafield tag="102" ind1=" " ind2=" ">
    <subfield code="a">RU</subfield>
  </datafield>
  <datafield tag="105" ind1=" " ind2=" ">
    <subfield code="a">a   z   |||||</subfield>
  </datafield>
  <datafield tag="200" ind1="1" ind2=" ">
    <subfield code="a">&#x421;&#x442;&#x430;&#x43B;&#x44C;&#x43D;&#x43E;&#x439; &#x441;&#x43B;&#x438;&#x442;&#x43E;&#x43A; &#x438; &#x435;&#x433;&#x43E; &#x434;&#x435;&#x444;&#x435;&#x43A;&#x442;&#x44B;</subfield>
    <subfield code="f">&#x41F;&#x440;&#x43E;&#x444;. &#x434;-&#x440; &#x413;&#x443;&#x434;&#x446;&#x43E;&#x432; &#x438; &#x43A;&#x430;&#x43D;&#x434;&#x438;&#x434;&#x430;&#x442; &#x442;&#x435;&#x445;&#x43D;. &#x43D;&#x430;&#x443;&#x43A; &#x418;.&#x42F;. &#x413;&#x440;&#x430;&#x43D;&#x430;&#x442;</subfield>
  </datafield>
  <datafield tag="210" ind1=" " ind2=" ">
    <subfield code="d">1939</subfield>
  </datafield>
  <datafield tag="215" ind1=" " ind2=" ">
    <subfield code="a">16 &#x441;.</subfield>
    <subfield code="c">&#x438;&#x43B;.</subfield>
  </datafield>
  <datafield tag="320" ind1=" " ind2=" ">
    <subfield code="a">&#x411;&#x438;&#x431;&#x43B;&#x438;&#x43E;&#x433;&#x440;.: &#x441;. 16</subfield>
  </datafield>
  <datafield tag="461" ind1=" " ind2="0">
    <subfield code="1">001rc\2943867</subfield>
    <subfield code="1">2001#$a&#x41E;&#x441;&#x43D;&#x43E;&#x432;&#x44B; &#x43C;&#x435;&#x442;&#x430;&#x43B;&#x43B;&#x43E;&#x433;&#x440;&#x430;&#x444;&#x438;&#x438;$f&#x41F;&#x43E;&#x434; &#x440;&#x435;&#x434;. &#x43F;&#x440;&#x43E;&#x444;. &#x434;-&#x440;&#x430; &#x41C;.&#x413;. &#x41E;&#x43A;&#x43D;&#x43E;&#x432;&#x430;$v&#x41B;&#x435;&#x43A;&#x446;&#x438;&#x44F; 4</subfield>
    <subfield code="9">6586756</subfield>
    <subfield code="c">&#x41B;&#x435;&#x43D;&#x438;&#x43D;&#x433;&#x440;&#x430;&#x434;</subfield>
    <subfield code="d">1938-1939</subfield>
    <subfield code="f">&#x41F;&#x43E;&#x434; &#x440;&#x435;&#x434;. &#x43F;&#x440;&#x43E;&#x444;. &#x434;-&#x440;&#x430; &#x41C;.&#x413;. &#x41E;&#x43A;&#x43D;&#x43E;&#x432;&#x430;</subfield>
    <subfield code="n">&#x413;&#x41E;&#x41D;&#x422;&#x418;, &#x413;&#x43B;. &#x440;&#x435;&#x434;. &#x43B;&#x438;&#x442;. &#x43F;&#x43E; &#x447;&#x435;&#x440;&#x43D;&#x43E;&#x439; &#x43C;&#x435;&#x442;&#x430;&#x43B;&#x43B;&#x443;&#x440;&#x433;&#x438;&#x438;</subfield>
    <subfield code="t">&#x41E;&#x441;&#x43D;&#x43E;&#x432;&#x44B; &#x43C;&#x435;&#x442;&#x430;&#x43B;&#x43B;&#x43E;&#x433;&#x440;&#x430;&#x444;&#x438;&#x438;</subfield>
    <subfield code="v">&#x41B;&#x435;&#x43A;&#x446;&#x438;&#x44F; 4</subfield>
  </datafield>
  <datafield tag="700" ind1=" " ind2="1">
    <subfield code="a">&#x413;&#x443;&#x434;&#x446;&#x43E;&#x432;</subfield>
    <subfield code="b">&#x41D;.&#x422;.</subfield>
    <subfield code="g">&#x41D;&#x438;&#x43A;&#x43E;&#x43B;&#x430;&#x439; &#x422;&#x438;&#x43C;&#x43E;&#x444;&#x435;&#x435;&#x432;&#x438;&#x447;</subfield>
  </datafield>
  <datafield tag="701" ind1=" " ind2="1">
    <subfield code="a">&#x413;&#x440;&#x430;&#x43D;&#x430;&#x442;</subfield>
    <subfield code="b">&#x418;.&#x42F;.</subfield>
  </datafield>
  <datafield tag="801" ind1=" " ind2="0">
    <subfield code="a">RU</subfield>
    <subfield code="b">NLR</subfield>
    <subfield code="g">psbo</subfield>
  </datafield>
  <datafield tag="801" ind1=" " ind2="1">
    <subfield code="a">RU</subfield>
    <subfield code="b">ELAR</subfield>
    <subfield code="2">rusmarc</subfield>
  </datafield>
  <datafield tag="852" ind1=" " ind2=" ">
    <subfield code="a">NLR</subfield>
    <subfield code="j">38-19/169</subfield>
  </datafield>
  <datafield tag="942" ind1=" " ind2=" ">
    <subfield code="c">UNSPEC</subfield>
  </datafield>
  <datafield tag="980" ind1=" " ind2=" ">
    <subfield code="a">NB</subfield>
  </datafield>
</record>
